[Event "European Blitz 2017"]
[Site "Katowice POL"]
[Date "2017.12.15"]
[Round "14.72"]
[White "Varvadoukas, Theodoros"]
[Black "Wiewiora, Eneasz"]
[Result "1-0"]
[BlackTitle "FM"]
[WhiteElo "2178"]
[BlackElo "2320"]
[WhiteFideId "4210735"]
[BlackFideId "1140396"]
[EventDate "2017.12.15"]
[EventType "blitz"]

1. d4 Nf6 2. Bf4 b6 3. e3 Bb7 4. c4 h6 5. h4 d6 6. Nc3 Nbd7 7. Nf3 g6 8. Qc2 Bg7
9. Be2 c5 10. d5 a6 11. a4 O-O 12. h5 g5 13. Bxg5 hxg5 14. h6 Bxh6 15. Rxh6 Kg7
16. Qf5 Rg8 17. Nxg5 Ne5 18. Rh2 Rh8 19. Rh3 Bc8 20. Qc2 Bxh3 21. Nxh3 Qg8 22.
O-O-O Qh7 23. Qb3 Rab8 24. f4 Neg4 25. Bd3 Qh4 26. e4 Qg3 27. Qc2 Ne3 28. Qe2
Nxd1 29. Nxd1 Ng4 30. Kc2 f6 31. Nc3 Rh6 32. Kb3 Rbh8 33. e5 fxe5 34. Qe4 Nf6
35. Qf5 e4 36. Bxe4 Nxe4 37. Qxe4 Qg6 38. Qxe7+ Qf7 39. Qe4 Rxh3 40. gxh3 Re8
41. Qf3 Qg6 42. f5 Qf6 43. Ne4 Qe5 44. Qg4+ Kf8 45. Ng5 Qe3+ 46. Ka2 Ke7 47. Ne6
Kd7 48. f6 b5 49. Qg7+ 1-0

[Event "European Blitz 2017"]
[Site "Katowice POL"]
[Date "2017.12.15"]
[Round "14.73"]
[White "Chojnacki, Slawomir"]
[Black "Troyke, Christian"]
[Result "0-1"]
[BlackTitle "IM"]
[WhiteElo "2237"]
[BlackElo "2348"]
[WhiteFideId "1117076"]
[BlackFideId "4616278"]
[EventDate "2017.12.15"]
[EventType "blitz"]

1. d4 g6 2. Nf3 Bg7 3. c3 c5 4. Bf4 Nf6 5. e3 b6 6. Nbd2 Bb7 7. Bc4 O-O 8. O-O
d6 9. Re1 Nbd7 10. h3 a6 11. a4 Qc7 12. Qb3 Bc6 13. Ng5 e6 14. Bxe6 fxe6 15.
Qxe6+ Kh8 16. Bxd6 Qb7 17. Bxf8 Rxf8 18. Nf7+ Rxf7 19. Qxf7 Bxg2 20. e4 Bxh3 21.
Re3 Bg4 22. e5 Qd5 23. Qe7 Ng8 24. Qg5 Bf5 25. e6 Bxe6 26. Qxd5 Bxd5 27. Re7 Bc6
28. Nb3 cxd4 29. Rxd7 Bxd7 30. Nxd4 Nf6 31. Re1 Kg8 32. Nf3 Kf8 33. Ne5 Bxa4 34.
Ra1 b5 35. b3 Bxb3 36. Rxa6 Bd5 37. Rb6 Ne4 38. Rb8+ Ke7 39. Nf3 Nxc3 40. Ng5 h6
41. Nh3 Be5 42. Rb6 Be6 43. Kg2 Bc7 44. Ra6 b4 45. Rc6 Bd5+ 0-1

[Event "European Blitz 2017"]
[Site "Katowice POL"]
[Date "2017.12.15"]
[Round "14.74"]
[White "Krainski, Aleksander"]
[Black "Gazik, Viktor"]
[Result "0-1"]
[WhiteTitle "FM"]
[BlackTitle "IM"]
[WhiteElo "2203"]
[BlackElo "2479"]
[WhiteFideId "1102400"]
[BlackFideId "14928752"]
[EventDate "2017.12.15"]
[EventType "blitz"]

1. e4 c5 2. Nf3 g6 3. d4 cxd4 4. Nxd4 Bg7 5. Nc3 Nc6 6. Be3 Nf6 7. Nb3 d6 8. Be2
Be6 9. O-O a6 10. f4 O-O 11. f5 Bd7 12. Qd2 b5 13. a3 Rc8 14. Bh6 Ne5 15. Bxg7
Kxg7 16. Bd3 Qb6+ 17. Kh1 a5 18. a4 b4 19. Nd5 Nxd5 20. exd5 Nxd3 21. Qxd3 Bxf5
22. Rxf5 gxf5 23. Nd4 Kh8 24. Nxf5 Rc7 25. Re1 Qc5 26. Re2 Qc4 27. Qe3 Qxd5 28.
Nxe7 Qe5 29. Qf2 Qg5 30. Nf5 Qf6 31. h3 Rc5 32. g4 Re5 33. Rd2 d5 34. Qd4 Re1+
35. Kg2 Qxd4 36. Nxd4 Rc8 37. Nf5 Rc1 38. Nd4 h5 39. gxh5 Rb1 40. b3 Rc3 41. Nb5
Rc5 42. Nd4 Kh7 43. Kg3 Rg1+ 44. Kf4 Kh6 45. Ke5 Kxh5 46. Kd6 Rc8 47. Kxd5 Rd8+
48. Kc4 Rg3 49. Kb5 Rg5+ 50. Kc4 Rgd5 51. c3 bxc3 52. Kxc3 Kh4 53. Rd3 Rc8+ 54.
Kd2 Rcd8 55. Kc3 Kg5 56. Kc4 R5d7 57. Rd1 Rc8+ 58. Kd3 Rxd4+ 0-1

[Event "European Blitz 2017"]
[Site "Katowice POL"]
[Date "2017.12.15"]
[Round "14.75"]
[White "Wieczorek, Oskar"]
[Black "Pavlidou, Ekaterini"]
[Result "1-0"]
[WhiteTitle "IM"]
[BlackTitle "WIM"]
[WhiteElo "2463"]
[BlackElo "2196"]
[WhiteFideId "1133950"]
[BlackFideId "4213262"]
[EventDate "2017.12.15"]
[EventType "blitz"]

1. Nc3 d5 2. d4 g6 3. Bf4 c6 4. Qd2 Bg7 5. O-O-O Nf6 6. f3 b5 7. Kb1 Nbd7 8. e3
Nb6 9. Bd3 b4 10. Nce2 a5 11. Be5 Ba6 12. Nf4 Nc4 13. Bxc4 dxc4 14. c3 Qb6 15.
Nge2 g5 16. Nh3 h6 17. Ng3 e6 18. f4 g4 19. Nf2 Rg8 20. Nfe4 Nd5 21. Nh5 Bxe5
22. fxe5 O-O-O 23. Rhf1 Rgf8 24. Ka1 Kb8 25. Nhf6 g3 26. hxg3 Nxf6 27. Rxf6 h5
28. Nd6 Rd7 29. Rdf1 b3 30. a3 Qa7 31. Rxe6 c5 32. Ref6 cxd4 33. exd4 Qc7 34.
Qf4 Bb7 35. Rh6 f6 36. Rxf6 Rxf6 37. Qxf6 Bd5 38. Qf8+ Rd8 39. Qf4 Qe7 40. Nf5
Qe6 41. Ne3 Bb7 42. Kb1 Re8 43. Kc1 Qg6 44. Kd2 Qd3+ 45. Ke1 Be4 46. Kf2 Qd2+
47. Kg1 Rg8 48. e6+ 1-0

[Event "European Blitz 2017"]
[Site "Katowice POL"]
[Date "2017.12.15"]
[Round "14.76"]
[White "Marczuk, Dominik"]
[Black "Mitkov, Marjan"]
[Result "0-1"]
[BlackTitle "IM"]
[WhiteElo "2278"]
[BlackElo "2333"]
[WhiteFideId "1111264"]
[BlackFideId "15000354"]
[EventDate "2017.12.15"]
[EventType "blitz"]

1. e4 e5 2. Nf3 Nc6 3. Bc4 Nf6 4. d3 Bc5 5. O-O a6 6. Bb3 h6 7. Nbd2 d6 8. c3
Ba7 9. a4 Ne7 10. Re1 Ng6 11. Nf1 Be6 12. d4 Bxb3 13. Qxb3 Qc8 14. Ng3 O-O 15.
Nf5 Kh7 16. dxe5 dxe5 17. g3 Nxe4 18. Ne3 Nc5 19. Qc2 e4 20. Nd4 Nd3 21. Rf1
Bxd4 22. cxd4 f5 23. Bd2 Rf6 24. f4 Rc6 25. Qb3 Rb6 26. Qf7 Qf8 27. Qd5 Rxb2 28.
Bc3 Rb6 29. Qxf5 Qxf5 30. Nxf5 Re8 31. Ne3 Rc6 32. Bd2 Rd8 33. d5 Rb6 34. Rab1
Rxb1 35. Rxb1 b6 36. Rb3 Nc5 37. Rc3 Ne7 38. a5 Nxd5 39. Nxd5 Rxd5 40. Be3 Rd3
41. Rxd3 exd3 42. Kf2 Nb3 43. axb6 cxb6 44. Bxb6 a5 45. Ke3 d2 46. Ke2 a4 47.
Bc7 a3 48. Be5 a2 49. g4 Kg6 50. h4 a1=Q 51. Bxa1 Nxa1 52. Kxd2 Nb3+ 53. Ke3 Nc5
54. Kd4 Nd7 55. h5+ Kf7 56. Ke4 Ke6 57. g5 Nc5+ 58. Ke3 Kf5 59. gxh6 gxh6 60.
Kd4 Ne6+ 61. Ke3 Nxf4 62. Kf3 Nxh5 0-1

[Event "European Blitz 2017"]
[Site "Katowice POL"]
[Date "2017.12.15"]
[Round "14.78"]
[White "Michalski, Filip"]
[Black "Ustianovich, Nazar"]
[Result "1-0"]
[BlackTitle "FM"]
[WhiteElo "2089"]
[BlackElo "2366"]
[WhiteFideId "1151371"]
[BlackFideId "14109778"]
[EventDate "2017.12.15"]
[EventType "blitz"]

1. d4 d5 2. c4 c6 3. Nc3 Nf6 4. e3 e6 5. Nf3 Nbd7 6. Qc2 Bd6 7. Bd3 O-O 8. O-O
Qe7 9. a3 dxc4 10. Bxc4 b5 11. Ba2 Bb7 12. Bd2 a6 13. b4 a5 14. e4 axb4 15. axb4
e5 16. Bg5 exd4 17. Nxd4 Bxh2+ 18. Kh1 Be5 19. Nf5 Qe8 20. f4 Bxc3 21. Qxc3 c5
22. Nd6 Qb8 23. e5 Ne4 24. Nxe4 Bxe4 25. bxc5 Qb7 26. Qg3 Kh8 27. Be7 Rfe8 28.
Bd6 f6 29. Bf7 Rec8 30. Rxa8 Qxa8 31. e6 Nxc5 32. e7 Bg6 33. Bxg6 hxg6 34. Qh3+
Kg8 35. Bxc5 Kf7 36. Qb3+ Ke8 37. Qg8+ Kd7 38. Rd1+ Kc6 39. Qd5+ Kc7 40. Qd7+
Kb8 41. Bd6+ 1-0

[Event "European Blitz 2017"]
[Site "Katowice POL"]
[Date "2017.12.15"]
[Round "14.79"]
[White "Klepek, Witold"]
[Black "Laurusas, Tomas"]
[Result "1/2-1/2"]
[BlackTitle "IM"]
[WhiteElo "2215"]
[BlackElo "2423"]
[WhiteFideId "1175068"]
[BlackFideId "12803731"]
[EventDate "2017.12.15"]
[EventType "blitz"]

1. e4 c6 2. d4 d5 3. f3 Qb6 4. Nc3 dxe4 5. fxe4 e5 6. Nf3 exd4 7. Qxd4 Nf6 8.
Qxb6 axb6 9. Be3 b5 10. e5 Ng4 11. Bf4 Nd7 12. Bd3 Nc5 13. h3 Nh6 14. Bxh6 gxh6
15. Ne4 Nxe4 16. Bxe4 Be6 17. O-O b4 18. Nd4 Bc5 19. c3 bxc3 20. bxc3 O-O-O 21.
Rfd1 Rd7 22. Kh2 Rhd8 23. Nxe6 fxe6 24. Bf3 Be3 25. Kg3 Rg7+ 26. Kh4 Rg5 27.
Rxd8+ Kxd8 28. Rd1+ Ke7 29. g3 Rxe5 30. Rb1 b6 31. Bxc6 Rc5 32. Be4 Rxc3 33.
Bxh7 Bf2 34. Rb3 Rc5 35. Kg4 Bd4 36. Be4 Kf6 37. Kf3 Ke5 38. Bd3 Rc1 39. Rb5+
Kf6 40. Rb1 Rc3 41. Rb3 Rc1 42. Rb1 Rc3 43. Rb3 Rc7 44. a4 Ra7 45. Bb5 Ke5 46.
Rb1 Rf7+ 47. Kg4 Rg7+ 48. Kf3 Kd5 49. Rc1 Rf7+ 50. Kg4 Rg7+ 51. Kf3 Ke5 52. Re1+
Kd6 53. Rc1 e5 54. Rc2 Re7 55. Bd3 Ra7 56. Ra2 Kc5 57. Ke4 Kb4 58. Bb5 Rf7 59.
Rg2 Kc5 60. g4 Rf4+ 61. Kd3 e4+ 62. Ke2 Rf3 63. h4 Rh3 64. g5 Rxh4 65. gxh6 Rxh6
66. Rg5+ Kb4 67. Rg4 Re6 68. Bd7 Re5 69. Bc6 Kc5 70. Bxe4 Rh5 71. Rg2 Rh3 72.
Bf3 Kb4 73. Bc6 Ra3 74. Rg4 Kc4 75. Bb5+ Kc5 76. Rg5+ Kd6 77. Rg4 Ke5 78. Rg5+
Kf4 79. Rg8 Bc5 80. Rd8 Ke4 81. Bc6+ Ke5 82. Rd5+ Kf4 83. Rd3 Ra2+ 84. Rd2 Ra1
85. Kd3 Rg1 86. Kc4 Rb1 87. Bb5 Ke5 88. Rd7 Rb4+ 89. Kc3 Rh4 90. Kc2 Bd4 91. Kd3
Rh3+ 92. Kd2 Ra3 93. Kc2 Ke4 94. Bc6+ Ke3 95. Re7+ Kf2 96. Rf7+ Kg3 97. Rd7 Bc5
98. Rd3+ Rxd3 99. Kxd3 1/2-1/2

[Event "European Blitz 2017"]
[Site "Katowice POL"]
[Date "2017.12.15"]
[Round "14.80"]
[White "Bolsakovs, Vadims"]
[Black "Miton, Kamil"]
[Result "0-1"]
[BlackTitle "GM"]
[WhiteElo "2128"]
[BlackElo "2584"]
[WhiteFideId "11601981"]
[BlackFideId "1111914"]
[EventDate "2017.12.15"]
[EventType "blitz"]

1. d4 Nf6 2. Nf3 g6 3. Bf4 Bg7 4. Nc3 O-O 5. Qd2 d6 6. e4 c6 7. O-O-O b5 8. Bd3
b4 9. Ne2 a5 10. h4 Bg4 11. Nh2 Bxe2 12. Qxe2 Nbd7 13. g4 e5 14. Be3 exd4 15.
Bxd4 Re8 16. Qd2 Ne5 17. g5 Nh5 18. Be2 b3 19. axb3 a4 20. b4 a3 21. b3 a2 22.
Kb2 Qb6 23. c3 c5 24. Be3 Qb7 25. b5 c4 26. bxc4 Rec8 27. Qd5 Qc7 28. c5 dxc5
29. f4 Ng3 30. Rhe1 Nxe2 31. Rxe2 Rd8 32. Qb3 Rxd1 0-1

[Event "European Blitz 2017"]
[Site "Katowice POL"]
[Date "2017.12.15"]
[Round "14.81"]
[White "Swicarz, Maciej"]
[Black "Zorko, Jure"]
[Result "0-1"]
[BlackTitle "IM"]
[WhiteElo "2378"]
[BlackElo "2457"]
[WhiteFideId "1113585"]
[BlackFideId "14604051"]
[EventDate "2017.12.15"]
[EventType "blitz"]

1. e4 e5 2. Nf3 Nc6 3. c3 Nf6 4. d4 exd4 5. e5 Nd5 6. cxd4 Bb4+ 7. Nbd2 d6 8. a3
Ba5 9. b4 Bb6 10. Bb2 dxe5 11. dxe5 Nf4 12. Qc2 O-O 13. g3 Ne6 14. Nb3 Ng5 15.
Bg2 Nxf3+ 16. Bxf3 Nxe5 17. Bxe5 Re8 18. O-O Rxe5 19. Rad1 Qe7 20. a4 a6 21. b5
axb5 22. axb5 Bh3 23. Bxb7 Bxf1 24. Bxa8 Bxb5 25. Qd2 g6 26. h4 h5 27. Bf3 Qf6
28. Qc3 Kg7 29. Kg2 Rf5 30. Qxf6+ Rxf6 31. Rc1 Be2 32. Rc3 Bxf3+ 33. Rxf3 Rxf3
34. Kxf3 Kf6 35. Nd2 Ke5 36. Nc4+ Kd5 37. Nd2 f5 38. Nb1 Bd4 39. Na3 c6 40. Nc2
c5 41. Ke2 c4 42. f3 Bc5 43. Kf1 Bd6 44. Kf2 c3 45. f4 Kc4 46. Ke3 Bc5+ 47. Ke2
Kb3 48. Kd3 Bf2 49. Na1+ Kb2 50. Nc2 Bxg3 51. Kd4 0-1

[Event "European Blitz 2017"]
[Site "Katowice POL"]
[Date "2017.12.15"]
[Round "14.82"]
[White "Luch, Michal"]
[Black "Walter, Szymon"]
[Result "0-1"]
[WhiteTitle "IM"]
[WhiteElo "2398"]
[BlackElo "2246"]
[WhiteFideId "1120042"]
[BlackFideId "1172590"]
[EventDate "2017.12.15"]
[EventType "blitz"]

1. d4 Nf6 2. c4 e6 3. Nc3 Bb4 4. Qc2 Nc6 5. Nf3 O-O 6. Bd2 d6 7. a3 Bxc3 8. Bxc3
a5 9. g3 Qe7 10. Bg2 e5 11. dxe5 dxe5 12. O-O Bg4 13. h3 Bh5 14. e3 Bg6 15. Qe2
Ne4 16. Rfc1 Nc5 17. Re1 Bd3 18. Qd1 Rad8 19. Nd2 e4 20. Qh5 Na4 21. Rac1 Nxc3
22. Rxc3 f5 23. h4 Ne5 24. Qd1 g5 25. hxg5 Qxg5 26. b3 Rf6 27. f4 Qxg3 28. Nxe4
fxe4 29. fxe5 Qf2+ 0-1

[Event "European Blitz 2017"]
[Site "Katowice POL"]
[Date "2017.12.15"]
[Round "14.83"]
[White "Styazhkina, Anna"]
[Black "Kanarek, Marcel"]
[Result "0-1"]
[WhiteTitle "WIM"]
[BlackTitle "GM"]
[WhiteElo "2283"]
[BlackElo "2505"]
[WhiteFideId "24119300"]
[BlackFideId "1126822"]
[EventDate "2017.12.15"]
[EventType "blitz"]

1. e4 c5 2. Nf3 Nc6 3. d4 cxd4 4. Nxd4 g6 5. c4 Nf6 6. Nc3 d6 7. Be2 Nxd4 8.
Qxd4 Bg7 9. Be3 O-O 10. Qd2 a5 11. Rd1 a4 12. e5 Ng4 13. Bxg4 Bxg4 14. f3 Be6
15. exd6 exd6 16. Bd4 Re8 17. O-O Qa5 18. Bxg7 Kxg7 19. Ne4 Qxd2 20. Rxd2 Bxc4
21. Nxd6 Bxf1 22. Nxe8+ Rxe8 23. Kxf1 Re5 24. a3 Rb5 25. Ke2 h5 26. Kd3 g5 27.
Kc4 Rb3 28. Kd4 Kf6 29. Ke4 h4 30. g3 h3 31. f4 g4 32. Rd6+ Ke7 33. Rd2 Ke6 34.
Kd4 Kf5 35. Re2 f6 36. Kc4 Rf3 37. Kb4 Rf1 38. Kxa4 Rg1 39. Rc2 Rg2 40. Rc5+ Ke4
41. Rc4+ Kf3 42. Rc3+ Kf2 43. Rc2+ Kg1 44. Rc1+ Kxh2 45. Kb5 Rxb2+ 46. Kc5 Kxg3
47. Kd5 h2 48. Ke6 Kxf4 0-1

[Event "European Blitz 2017"]
[Site "Katowice POL"]
[Date "2017.12.15"]
[Round "14.84"]
[White "Kowalczyk, Rafal"]
[Black "Berchtenbreiter, Maximilian"]
[Result "1-0"]
[BlackTitle "IM"]
[WhiteElo "2223"]
[BlackElo "2387"]
[WhiteFideId "1133853"]
[BlackFideId "24641120"]
[EventDate "2017.12.15"]
[EventType "blitz"]

1. e4 c6 2. Ne2 d5 3. e5 g6 4. d4 h5 5. h3 Na6 6. Be3 Nh6 7. Nf4 Nf5 8. e6 Bxe6
9. Nxe6 fxe6 10. Bf4 Bg7 11. c3 Nb8 12. Nd2 Nd7 13. Nf3 Bf6 14. Bd3 Qb6 15. Qe2
Kf7 16. O-O-O c5 17. g4 hxg4 18. hxg4 Nd6 19. Ne5+ Bxe5 20. dxe5 c4 21. Bxg6+
Kxg6 22. exd6 e5 23. Bxe5 Nxe5 24. Qxe5 Qxd6 25. Qf5+ Kg7 26. Qg5+ Kf7 27. Rxh8
Rxh8 28. Rxd5 Qe6 29. Qf4+ Kg7 30. Rg5+ Kh7 31. Qh2+ Qh6 32. Qxh6+ Kxh6 33. Rh5+
Kg7 34. Rxh8 Kxh8 35. Kd2 Kg7 36. Ke3 b5 37. f4 Kf6 38. Kd4 Ke6 39. Kc5 a6 40.
a3 Kd7 41. Kd5 a5 42. Ke4 1-0

[Event "European Blitz 2017"]
[Site "Katowice POL"]
[Date "2017.12.15"]
[Round "14.85"]
[White "Miezis, Normunds"]
[Black "Mroziak, Maciej"]
[Result "1/2-1/2"]
[WhiteTitle "GM"]
[BlackTitle "IM"]
[WhiteElo "2434"]
[BlackElo "2397"]
[WhiteFideId "11600136"]
[BlackFideId "1139665"]
[EventDate "2017.12.15"]
[EventType "blitz"]

1. c4 Nc6 2. Nc3 e5 3. g3 g6 4. Bg2 Bg7 5. d3 d6 6. h4 Nf6 7. Nd5 h6 8. Nf3 Be6
9. Nd2 O-O 10. O-O Qd7 11. Nb3 Bxd5 12. cxd5 Ne7 13. e4 c6 14. dxc6 Nxc6 15. Be3
Ng4 16. Bd2 f5 17. Bh3 Nf6 18. Rc1 Rac8 19. Be3 b6 20. Nd2 d5 21. exf5 gxf5 22.
Nf3 e4 23. dxe4 dxe4 24. Nd4 Nxd4 25. Qxd4 Qxd4 26. Bxd4 Ng4 27. Bxg7 Kxg7 28.
Bxg4 fxg4 29. Rfe1 Rxc1 30. Rxc1 Rd8 31. Rc7+ Kg6 32. Rxa7 Rd1+ 33. Kg2 Rd2 34.
Re7 Kf5 35. Rf7+ Ke5 36. Re7+ Kf5 37. Rf7+ Ke5 38. Rg7 Rxb2 39. a4 Ra2 40. Ra7
Kd6 41. Rh7 e3 42. Rxh6+ Kc5 43. Re6 Rxf2+ 44. Kg1 Rf3 45. h5 Kd4 46. Kg2 Kd3
47. h6 Rf7 48. Rd6+ Ke2 49. Rxb6 Rf2+ 50. Kg1 Rf1+ 51. Kg2 Rf2+ 52. Kg1 Rf1+ 53.
Kg2 Rf2+ 54. Kg1 1/2-1/2

[Event "European Blitz 2017"]
[Site "Katowice POL"]
[Date "2017.12.15"]
[Round "14.86"]
[White "Shkapenko, Pavel"]
[Black "Kukula, Pawel"]
[Result "1-0"]
[WhiteTitle "IM"]
[WhiteElo "2431"]
[BlackElo "2181"]
[WhiteFideId "4151933"]
[BlackFideId "1115081"]
[EventDate "2017.12.15"]
[EventType "blitz"]

1. e4 Nc6 2. Nf3 d6 3. d4 Nf6 4. Nc3 Bg4 5. Bb5 a6 6. Bxc6+ bxc6 7. h3 Bh5 8. g4
Bg6 9. Qe2 e6 10. Bg5 Be7 11. O-O-O O-O 12. h4 h5 13. gxh5 Bxh5 14. Rdg1 Rb8 15.
Rg3 Nh7 16. Bh6 Bf6 17. Rhg1 g6 18. Bxf8 Kxf8 19. Qe3 Bg7 20. Ng5 Nxg5 21. hxg5
a5 22. f4 Qc8 23. e5 c5 24. Ne4 Qb7 25. b3 c4 26. Nf6 Bxf6 27. gxf6 a4 28. f5
exf5 29. e6 Qd5 30. Qh6+ Ke8 31. Qh8# 1-0

[Event "European Blitz 2017"]
[Site "Katowice POL"]
[Date "2017.12.15"]
[Round "14.87"]
[White "Bartel, Michal"]
[Black "Herman, Jean"]
[Result "1-0"]
[WhiteTitle "FM"]
[WhiteElo "2360"]
[BlackElo "2255"]
[WhiteFideId "1119257"]
[BlackFideId "263036"]
[EventDate "2017.12.15"]
[EventType "blitz"]

1. e4 c5 2. Ne2 Nc6 3. g3 g6 4. Bg2 Bg7 5. c3 d6 6. d4 cxd4 7. cxd4 e5 8. d5
Nce7 9. Nbc3 f5 10. f3 Nf6 11. Be3 O-O 12. h3 Qa5 13. O-O b5 14. Qb3 b4 15. Nb1
Bd7 16. Nd2 Ba4 17. Qd3 Bb5 18. Nc4 Qa6 19. Rfc1 Rfc8 20. b3 Nd7 21. Bg5 Nc5 22.
Qd2 Bxc4 23. bxc4 Bf8 24. exf5 Nxf5 25. g4 Ne7 26. f4 exf4 27. Bxf4 Bg7 28. Rab1
Rab8 29. Nd4 Qb6 30. Kh1 a5 31. Nb5 Rd8 32. Re1 Rb7 33. Bg5 Rdd7 34. Re2 Qd8 35.
Rbe1 Bf8 36. Qd4 Qe8 37. Nxd6 Rxd6 38. Qxc5 Rbd7 39. Qxa5 Qf7 40. Qxb4 h6 41.
Bh4 g5 42. Bg3 Rf6 43. Qd2 Ng6 44. d6 Nf4 45. Bxf4 gxf4 46. Bd5 1-0

[Event "European Blitz 2017"]
[Site "Katowice POL"]
[Date "2017.12.15"]
[Round "14.89"]
[White "Olkhovskiy, Alexander"]
[Black "Dobrowolski, Piotr"]
[Result "1/2-1/2"]
[BlackTitle "IM"]
[WhiteElo "2145"]
[BlackElo "2421"]
[WhiteFideId "34188611"]
[BlackFideId "1106236"]
[EventDate "2017.12.15"]
[EventType "blitz"]

1. e4 e6 2. d4 d5 3. e5 c5 4. c3 Nc6 5. Nf3 Bd7 6. a3 f6 7. Bd3 Qc7 8. Qe2 cxd4
9. exf6 Nxf6 10. Bg5 Bd6 11. Bxf6 gxf6 12. O-O O-O-O 13. cxd4 Rhg8 14. Nc3 Rg4
15. Nb5 Rdg8 16. Nxc7 Rxg2+ 17. Kh1 Nxd4 18. Nb5 Bxb5 19. Bxb5 Kb8 20. Rg1 Rxg1+
21. Rxg1 Rxg1+ 22. Nxg1 Nxe2 23. Nxe2 Kc7 24. Nd4 e5 25. Nf5 Bf8 26. f3 a6 27.
Bd3 Kc6 28. b4 a5 29. bxa5 Bxa3 30. Kg2 Bb4 31. a6 bxa6 32. Bxa6 Bf8 33. Kf2 e4
34. fxe4 dxe4 35. Ke3 Kd5 36. Bb7+ Ke5 37. Bc8 Bc5+ 38. Ke2 Kf4 39. Ng3 Bg1 40.
Nf1 f5 41. Ng3 Bxh2 42. Nxf5 Ke5 43. Nh4 Bg3 44. Ng2 h5 1/2-1/2

[Event "European Blitz 2017"]
[Site "Katowice POL"]
[Date "2017.12.15"]
[Round "14.90"]
[White "Molenda, Marcin"]
[Black "Vykouk, Jan"]
[Result "0-1"]
[WhiteTitle "FM"]
[BlackTitle "FM"]
[WhiteElo "2388"]
[BlackElo "2435"]
[WhiteFideId "1173065"]
[BlackFideId "349658"]
[EventDate "2017.12.15"]
[EventType "blitz"]

1. d4 Nf6 2. c4 e6 3. Nc3 Bb4 4. Nf3 O-O 5. Bg5 c5 6. e3 d6 7. Bd3 Nbd7 8. Qc2
h6 9. Bh4 e5 10. dxe5 dxe5 11. Rd1 Qe7 12. Bf5 Bxc3+ 13. Qxc3 Re8 14. O-O Nf8
15. Bxc8 Raxc8 16. Bg3 Ng6 17. Qc2 e4 18. Nd2 h5 19. h3 Rcd8 20. Nb1 h4 21. Bh2
Qe6 22. b3 Ne5 23. Bxe5 Qxe5 24. Nc3 b6 25. Rd2 Rxd2 26. Qxd2 Re7 27. Qd8+ Kh7
28. Nd5 Nxd5 29. cxd5 Qc7 30. Qa8 Qd6 31. Rd1 Rd7 32. Qe8 Re7 33. Qc8 Qd7 34.
Qc6 g6 35. Kf1 Kg7 36. Qa8 Qb7 37. Qd8 Qd7 38. Qb8 Qc7 39. Qa8 Rd7 40. Ke1 Qh2
41. Qc6 Qd6 42. Qa8 Qc7 43. Qc6 Qxc6 44. dxc6 Rc7 45. Rd6 Kf8 46. Rd5 Rxc6 47.
Re5 Re6 48. Rd5 Ke7 49. Ke2 f6 50. Rd1 Rd6 51. Rc1 Ke6 52. a3 Ke5 53. b4 Rc6 54.
b5 Rd6 55. Rc4 f5 56. Ra4 Rd7 57. Rc4 g5 58. f3 exf3+ 59. gxf3 Rh7 60. a4 Rd7
61. a5 Kd5 62. Ra4 bxa5 63. Rxa5 Rb7 64. Ra6 Rxb5 65. Rxa7 Rb2+ 66. Kd3 Rh2 67.
Rd7+ Ke6 68. Rc7 Rxh3 69. Rxc5 Rxf3 70. Rc6+ Kd5 71. Rh6 f4 72. Rh5 Rxe3+ 73.
Kd2 Rg3 0-1

[Event "European Blitz 2017"]
[Site "Katowice POL"]
[Date "2017.12.15"]
[Round "14.91"]
[White "Stojcevski, Zoran"]
[Black "Balazs, Ladislav"]
[Result "1-0"]
[WhiteTitle "FM"]
[WhiteElo "2337"]
[BlackElo "2110"]
[WhiteFideId "15000192"]
[BlackFideId "14931265"]
[EventDate "2017.12.15"]
[EventType "blitz"]

1. e4 c5 2. Nc3 Nc6 3. f4 e6 4. Nf3 d5 5. Bb5 d4 6. Nb1 Bd7 7. O-O Nf6 8. d3 Be7
9. Na3 a6 10. Bxc6 Bxc6 11. Nc4 b5 12. Nce5 Bb7 13. a4 O-O 14. Qe1 Qc7 15. b3 c4
16. Bd2 c3 17. Bc1 bxa4 18. Rxa4 Rfd8 19. Kh1 Bc5 20. Qg3 Nd7 21. Ng4 Kh8 22.
Ng5 Nf8 23. Qh4 f6 24. Nf3 Ng6 25. Qh5 e5 26. fxe5 fxe5 27. Ngxe5 Nxe5 28. Nxe5
Rf8 29. Ng6+ Kg8 30. Nxf8 Rxf8 31. Rxf8+ Bxf8 32. Rxd4 Qb6 33. Rc4 Qf2 34. Qd1
Bd6 35. Rxc3 Be5 36. Rc5 Qxc5 37. Bd2 Qe7 38. c3 Qh4 39. Qg1 h6 40. b4 Qh5 41.
Be3 Bxc3 42. Bc5 Be5 43. h3 Bf4 44. Qf2 Qg5 45. Qf3 Qg3 46. Qxg3 Bxg3 47. Kg1
Kf7 48. Kf1 Ke6 49. Ke2 Bf4 50. Kf3 g5 51. g3 Bd2 52. h4 Kf7 53. h5 Bc8 54. g4
Ke6 55. Bf8 Kf6 56. d4 Bd7 57. d5 Bb5 58. Bxh6 Bxb4 59. e5+ Kxe5 60. Bxg5 Kxd5
61. Bf6 Ke6 62. Bb2 a5 63. h6 Bc6+ 64. Ke3 a4 65. h7 Bc5+ 66. Kd2 Bb4+ 67. Kc1
a3 68. h8=Q axb2+ 69. Kxb2 Bd6 70. Qh6+ Kd5 71. g5 Be5+ 72. Kb3 Bb5 73. g6 Bc4+
74. Ka4 Kc5 75. Qg5 Kd4 76. g7 Bg8 77. Qd8+ 1-0

[Event "European Blitz 2017"]
[Site "Katowice POL"]
[Date "2017.12.15"]
[Round "14.93"]
[White "Dudzinski, Pawel"]
[Black "Strejczek, Dariusz"]
[Result "0-1"]
[WhiteTitle "FM"]
[WhiteElo "2241"]
[BlackElo "2149"]
[WhiteFideId "1117890"]
[BlackFideId "1122142"]
[EventDate "2017.12.15"]
[EventType "blitz"]

1. e4 d6 2. Nc3 g6 3. d4 Bg7 4. Be3 Nf6 5. h3 O-O 6. g4 e5 7. Nge2 Nc6 8. Bg2
Re8 9. d5 Ne7 10. Ng3 Rf8 11. g5 Nd7 12. f4 exf4 13. Bxf4 Ne5 14. Qe2 Bd7 15.
O-O-O Qb8 16. Nf1 b5 17. Nd2 b4 18. Ncb1 Bb5 19. Qe1 c6 20. Nf3 Nc4 21. e5 Nxd5
22. Rxd5 cxd5 23. b3 Nxe5 24. Qxb4 a5 25. Qd2 Nxf3 26. Bxf3 Bc6 27. Bxd5 Qb7 28.
Rd1 Rfd8 29. Na3 a4 30. Nc4 axb3 31. cxb3 Bxd5 32. Qxd5 Qb4 33. Qd2 Qc5 34. Bxd6
Qc6 35. Qh2 Rdc8 36. Rd2 Qe4 37. Qe2 Qh1+ 38. Qd1 Qxh3 39. Kb1 Qc3 40. Nb2 Rd8
41. Qc2 Qxc2+ 42. Kxc2 Rxa2 43. Kb1 Rxb2+ 44. Rxb2 Bxb2 45. Be7 Rd7 46. Bc5 Bc3
47. Kc2 Be1 48. b4 Rb7 49. Kb3 Bxb4 50. Bxb4 Rb5 51. Kc4 Rxg5 52. Kd3 Rg3+ 53.
Ke4 Rg4+ 54. Ke5 Rxb4 55. Kf6 Rb6+ 0-1